Globalizáció és/vagy posztmodern tanulmányok a jelen elméletéről
Elmentve itt :
| További közreműködők: | |
|---|---|
| Adatforrás: | Philobibl |
| Dokumentumtípus: | Könyv |
| Nyelv: | magyar |
| Kulcsszavak: | globalizáció posztmodern irodalomelmélet jövőkutatás |
| Megjelent: |
Budapest Székesfehérvár
Kodolányi János Főiskola
2003
|
| LEADER | 00494nam a2200157 c 4500 | ||
|---|---|---|---|
| 001 | bibPHI0033748 | ||
| 005 | 20200924123237.6 | ||
| 008 | 090306s2003 hu hun | ||
| 245 | 0 | 0 | |a Globalizáció és/vagy posztmodern |b tanulmányok a jelen elméletéről |c szerk. Kiss Endre |
| 260 | |a Budapest |a Székesfehérvár |b Kodolányi János Főiskola |c 2003 | ||
| 300 | |a 285 p. | ||
| 695 | |a globalizáció | ||
| 695 | |a posztmodern | ||
| 695 | |a irodalomelmélet | ||
| 695 | |a jövőkutatás | ||
| 700 | 1 | |a Kiss Endre | |